[Event "GER T169-E00-S email"]
[Site "GER email"]
[Date "2013.03.21"]
[Round "?"]
[White "Mueller Clostermann, Bruno"]
[Black "Engelhardt, Georg"]
[Result "1-0"]
[WhiteElo "1800"]
[BlackElo "2154"]
[PlyCount "63"]
[EventDate "2013.03.26"]
[EventType "tourn (corr)"]
[EventRounds "8"]
[EventCountry "GER"]
[SourceTitle "Corr 2015"]
[Source "ChessBase"]
[SourceDate "2015.07.17"]
[SourceVersion "1"]
[SourceVersionDate "2015.07.17"]
[SourceQuality "1"]

1. d4 Nf6 2. c4 e6 3. g3 d5 4. Nf3 Be7 5. Qc2 0-0 6. Bg2 c6 7. 0-0 Nbd7 8. Nbd2 b6 9. e4 Bb7 10. Re1 Rc8 11. e5 Ne8 12. cxd5 cxd5 13. Qa4 a5 14. Nf1 Bc6 15. Qd1 Bb5 16. a4 Ba6 17. Ne3 Nb8 18. Bd2 Qd7 19. Qb3 Rc6 20. Rec1 Nc7 21. h4 Rc8 22. Bc3 Ne8 23. Ng5 Nc7 24. Rd1 Bxg5 25. hxg5 Be2 26. Re1 Bh5 27. f4 Bg6 28. Kf2 Qd8 29. Rh1 Nd7 30. Rac1 Bd3 31. Qd1 Be4 32. Bxe4 1-0

[Event "GER T169-E00-S email"]
[Site "GER email"]
[Date "2013.03.21"]
[Round "?"]
[White "Thoma, Eberhard"]
[Black "Engelhardt, Georg"]
[Result "1-0"]
[WhiteElo "1899"]
[BlackElo "2154"]
[PlyCount "83"]
[EventDate "2013.03.26"]
[EventType "tourn (corr)"]
[EventRounds "8"]
[EventCountry "GER"]
[SourceTitle "Corr 2015"]
[Source "ChessBase"]
[SourceDate "2015.07.17"]
[SourceVersion "1"]
[SourceVersionDate "2015.07.17"]
[SourceQuality "1"]

1. d4 Nf6 2. c4 e6 3. g3 d5 4. Nf3 Be7 5. Bg2 0-0 6. 0-0 dxc4 7. Qc2 b5 8. a4 b4 9. Nbd2 Bb7 10. Rd1 Nbd7 11. Nxc4 c5 12. Bg5 Be4 13. Qb3 h6 14. Be3 Qc8 15. Nfe5 Bxg2 16. Kxg2 Nxe5 17. Nxe5 Qc7 18. Rac1 Rac8 19. f3 Qd6 20. Rc4 Nd5 21. Rdc1 Nxe3+ 22. Qxe3 cxd4 23. Rxd4 Qxd4 24. Qxd4 Rxc1 25. Qxa7 Rc2 26. Qxe7 Rxe2+ 27. Kh3 Rxe5 28. Qxb4 Rc8 29. Kh4 Re2 30. h3 Rcc2 31. Qb8+ Kh7 32. Qb7 f6 33. a5 Rxb2 34. Qc6 f5 35. a6 Rh2 36. Qd7 Rb3 37. a7 Ra3 38. f4 Ra1 39. Qb7 Rha2 40. Qc6 Rxa7 41. Qxe6 g6 42. Qd5 1-0

[Event "GER-ch41 final email"]
[Site "GER email"]
[Date "2012.03.10"]
[Round "?"]
[White "Adelseck, Herbert"]
[Black "Engelhardt, Georg"]
[Result "1/2-1/2"]
[WhiteElo "2285"]
[BlackElo "2154"]
[PlyCount "54"]
[EventDate "2011.09.12"]
[EventType "tourn (corr)"]
[EventRounds "19"]
[EventCountry "GER"]
[SourceTitle "Corr 2015"]
[Source "ChessBase"]
[SourceDate "2015.07.17"]
[SourceVersion "1"]
[SourceVersionDate "2015.07.17"]
[SourceQuality "1"]

1. d4 Nf6 2. c4 g6 3. Nc3 d5 4. cxd5 Nxd5 5. e4 Nxc3 6. bxc3 Bg7 7. Nf3 c5 8. Be3 Qa5 9. Qd2 Nc6 10. Rc1 cxd4 11. cxd4 Qxd2+ 12. Kxd2 0-0 13. d5 Rd8 14. Ke1 Na5 15. Bg5 Bd7 16. Bd3 f5 17. e5 Be8 18. d6 Rdc8 19. dxe7 h6 20. Be3 Rxc1+ 21. Bxc1 Nc6 22. Kd2 Nxe5 23. Nxe5 Bxe5 24. Bc4+ Kg7 25. Kd3 Bf6 26. Re1 Bc6 27. Re6 Re8 1/2-1/2

[Event "GER-ch41 final email"]
[Site "GER email"]
[Date "2012.03.10"]
[Round "?"]
[White "Hahn, Werner"]
[Black "Engelhardt, Georg"]
[Result "1/2-1/2"]
[WhiteElo "2098"]
[BlackElo "2154"]
[PlyCount "78"]
[EventDate "2011.09.12"]
[EventType "tourn (corr)"]
[EventRounds "19"]
[EventCountry "GER"]
[SourceTitle "Corr 2015"]
[Source "ChessBase"]
[SourceDate "2015.07.17"]
[SourceVersion "1"]
[SourceVersionDate "2015.07.17"]
[SourceQuality "1"]

1. e4 c5 2. Nf3 Nc6 3. Bb5 d6 4. 0-0 Bd7 5. c3 Nf6 6. Re1 a6 7. Bf1 Bg4 8. d3 e6 9. Nbd2 Be7 10. h3 Bh5 11. b4 0-0 12. bxc5 dxc5 13. a4 Qc7 14. Qe2 Rfd8 15. Ba3 Rac8 16. Qe3 Na5 17. Be2 h6 18. Bb2 e5 19. c4 Nc6 20. Nf1 Rd7 21. Red1 Bxf3 22. Qxf3 Nd4 23. Bxd4 cxd4 24. Qg3 Rb8 25. Nh2 Bb4 26. Rdb1 Bc3 27. Ra3 Re7 28. Ng4 Nxg4 29. Bxg4 Qa5 30. f4 Qc5 31. Ra2 Ba5 32. f5 Qd6 33. Qh4 Rc7 34. Bh5 Rc6 35. Rf2 Bd8 36. Qg3 Bg5 37. Rfb2 Qc7 38. Qe1 Rc5 39. g3 Bd8 1/2-1/2

[Event "GER-chT9 LI-21 Br01 email"]
[Site "GER email"]
[Date "2011.10.17"]
[Round "?"]
[White "Heimbrodt, Wolfram"]
[Black "Engelhardt, Georg"]
[Result "1/2-1/2"]
[WhiteElo "2275"]
[BlackElo "2190"]
[PlyCount "48"]
[EventDate "2011.10.23"]
[EventType "tourn (corr)"]
[EventRounds "8"]
[EventCountry "GER"]
[SourceTitle "Corr 2015"]
[Source "ChessBase"]
[SourceDate "2015.07.17"]
[SourceVersion "1"]
[SourceVersionDate "2015.07.17"]
[SourceQuality "1"]

1. d4 Nf6 2. c4 e6 3. g3 c5 4. Nf3 cxd4 5. Nxd4 Bb4+ 6. Bd2 Be7 7. Bg2 Nc6 8. Bc3 0-0 9. 0-0 d5 10. Nd2 Bd7 11. Rc1 Rc8 12. e3 Nb4 13. Bxb4 Bxb4 14. cxd5 Rxc1 15. Qxc1 Nxd5 16. a3 Be7 17. Rd1 Qa5 18. Nc4 Qc7 19. e4 Nf6 20. e5 Ng4 21. Nd6 Qb6 22. Nc4 Qc7 23. Nd6 Qb6 24. Nc4 Qc7 1/2-1/2

[Event "GER-ch41 final email"]
[Site "GER email"]
[Date "2011.09.10"]
[Round "?"]
[White "Engelhardt, Georg"]
[Black "Betker, Joerg"]
[Result "1/2-1/2"]
[WhiteElo "2154"]
[BlackElo "2219"]
[PlyCount "83"]
[EventDate "2011.09.12"]
[EventType "tourn (corr)"]
[EventRounds "19"]
[EventCountry "GER"]
[SourceTitle "Corr 2015"]
[Source "ChessBase"]
[SourceDate "2015.07.17"]
[SourceVersion "1"]
[SourceVersionDate "2015.07.17"]
[SourceQuality "1"]

1. d4 Nf6 2. c4 e6 3. g3 d5 4. Bg2 Be7 5. Nf3 0-0 6. 0-0 dxc4 7. Qc2 a6 8. Qxc4 b5 9. Qc2 Bb7 10. Bd2 Be4 11. Qc1 Qc8 12. Bg5 Nbd7 13. Qf4 Bb7 14. Rc1 Nd5 15. Qh4 f6 16. Bd2 f5 17. Bg5 N5f6 18. Qh3 Bd6 19. Nbd2 Qe8 20. a4 Bd5 21. e3 Bb4 22. Bf4 c6 23. Rc2 Rc8 24. Ne5 Nxe5 25. Bxe5 Nd7 26. Bf4 Nb6 27. a5 Nc4 28. Nxc4 Bxc4 29. Bf3 Bb3 30. Rcc1 Bd5 31. Qg2 Qd7 32. h4 Rfd8 33. Rc2 c5 34. dxc5 Qc6 35. Bxd5 Rxd5 36. e4 fxe4 37. Re2 e5 38. Qxe4 exf4 39. Qxb4 fxg3 40. fxg3 Rxc5 41. Rae1 h6 42. Qb3+ 1/2-1/2

[Event "GER-ch41 final email"]
[Site "GER email"]
[Date "2011.09.10"]
[Round "?"]
[White "Firnhaber, Ingo"]
[Black "Engelhardt, Georg"]
[Result "1/2-1/2"]
[WhiteElo "2262"]
[BlackElo "2154"]
[PlyCount "56"]
[EventDate "2011.09.12"]
[EventType "tourn (corr)"]
[EventRounds "19"]
[EventCountry "GER"]
[SourceTitle "Corr 2015"]
[Source "ChessBase"]
[SourceDate "2015.07.17"]
[SourceVersion "1"]
[SourceVersionDate "2015.07.17"]
[SourceQuality "1"]

1. d4 d5 2. c4 c6 3. Nc3 Nf6 4. Nf3 e6 5. Bg5 h6 6. Bxf6 Qxf6 7. Qc2 dxc4 8. e3 b5 9. a4 Bb7 10. axb5 cxb5 11. Nxb5 Bb4+ 12. Nc3 0-0 13. Be2 Nd7 14. 0-0 Rfc8 15. Nd2 Nb6 16. Bf3 Qe7 17. Rfd1 a5 18. e4 Rd8 19. Nf1 Rd7 20. Ne3 Rad8 21. d5 exd5 22. Ncxd5 Bxd5 23. exd5 Qf6 24. Nxc4 Rc7 25. b3 Nxd5 26. Bxd5 Rxd5 27. Rxd5 Qxa1+ 28. Rd1 Qf6 1/2-1/2

[Event "Baumbach Cup 06 email"]
[Site "GER email"]
[Date "2011.??.??"]
[Round "?"]
[White "Engelhardt, Georg"]
[Black "Klapp, Herwig"]
[Result "1/2-1/2"]
[WhiteElo "2103"]
[BlackElo "2140"]
[PlyCount "49"]
[EventDate "2011.??.??"]
[EventType "tourn (corr)"]
[EventRounds "6"]
[EventCountry "GER"]
[SourceTitle "Corr 2015"]
[Source "ChessBase"]
[SourceDate "2015.07.17"]
[SourceVersion "1"]
[SourceVersionDate "2015.07.17"]
[SourceQuality "1"]

1. d4 Nf6 2. c4 e6 3. g3 d5 4. Nf3 dxc4 5. Bg2 a6 6. Ne5 Bb4+ 7. Nc3 Nd5 8. 0-0 0-0 9. Qc2 b5 10. Nxd5 exd5 11. b3 c6 12. e4 f6 13. exd5 fxe5 14. bxc4 exd4 15. dxc6 Qd6 16. c7 d3 17. Qb3 bxc4 18. Qxc4+ Be6 19. Bf4 Bxc4 20. Bxd6 Bxd6 21. Rac1 Ra7 22. cxb8Q Bxb8 23. Rxc4 Rd7 24. Rd1 Ba7 25. Rd2 1/2-1/2